| 000 | 004820000a22001930004500 | ||
|---|---|---|---|
| 005 | 20120302062522.0 | ||
| 942 | _cBOOK | ||
| 100 | _a KAMAT, RAMCHANDRA KRUSHNA | ||
| 245 | _a NAMA CHINTAMANI: NAMAJAPACHE MAHATVA -BHAG 2 | ||
| 260 | _aMUMBAI:KESHAV BHIKAJI DHAVALE,1952 | ||
| 300 | _a395 P. | ||
| 040 | _aMAR | ||
| 365 | _bRS.3.50 | ||
| 650 | _aADHYATMA | ||
| 650 | _aNAMAJAPA | ||
| 650 | _a NAMACHINTAMANI | ||
| 650 | _a MANTRA JAPA5VEDANTA | ||
| 650 | _a NAMYOGA RAHASYA | ||
| 999 |
_c356941 _d356938 |
||